Intonation

Bibliographic Details
Main Author: Cruttenden, Alan 1936- (Author)
Format: Book
Published: Cambridge Cambridge University Press 1997
Series:Cambridge textbooks in linguistics
Subjects:

MARC

LEADER 00000cam a2200000 7i4500
001 0000002287
008 021118n
020 |a 0521598257 
090 0 0 |a P222  |b .C78 1997 
100 0 |a Cruttenden, Alan  |d 1936-  |e author 
245 0 0 |a Intonation   |c Alan Cruttenden 
260 2 |a Cambridge   |b Cambridge University Press  |c 1997 
300 |a xvi, 201 p. ;  |c 23 cm. 
440 0 0 |a Cambridge textbooks in linguistics 
650 0 |a Intonation (Phonetics) 
999 |a 1000083764  |b Book  |c OPEN SHELF (30 DAYS)  |e Gong Badak Campus